[Event "Karl Mala Memorial op 13th"]
[Site "Frankfurt"]
[Date "2010.07.17"]
[Round "3"]
[White "Maerker, Christoph"]
[Black "Khrytchikov, Kirill"]
[Result "1-0"]
[WhiteElo "1426"]
[BlackElo "907"]
[PlyCount "109"]
[EventDate "2010.07.08"]
[EventType "swiss"]
[EventRounds "7"]
[EventCountry "GER"]
[SourceTitle "EXT 2012"]
[Source "ChessBase"]
[SourceDate "2011.11.24"]
[SourceVersion "1"]
[SourceVersionDate "2011.11.24"]
[SourceQuality "1"]

1. d4 d5 2. c4 c6 3. e3 Bf5 4. Bd3 Be4 5. f3 Bxd3 6. Qxd3 g6 7. Nc3 Bg7 8. cxd5 cxd5 9. Qb5+ Qd7 10. Qxd5 e6 11. Qxd7+ Nxd7 12. Nb5 Kf8 13. Bd2 a6 14. Bb4+ Ne7 15. Nd6 Nd5 16. Bd2 b5 17. Ne4 f5 18. Nc3 f4 19. Nxd5 exd5 20. Rc1 Re8 21. Kf2 fxe3+ 22. Bxe3 Nb6 23. b3 Rc8 24. Ne2 Kf7 25. Rxc8 Rxc8 26. Rc1 Rxc1 27. Nxc1 h5 28. Nd3 a5 29. Nc5 a4 30. Nb7 Ke7 31. Nc5 axb3 32. axb3 Bf6 33. f4 Nd7 34. Nxd7 Kxd7 35. g4 hxg4 36. Kg3 Ke6 37. Kxg4 b4 38. Bf2 Be7 39. h4 Kf6 40. Be1 Bd6 41. Bg3 Bc7 42. f5 Bb6 43. Be5+ Kf7 44. h5 gxh5+ 45. Kxh5 Bd8 46. Kg4 Be7 47. f6 Bxf6 48. Bxf6 Kxf6 49. Kf4 Ke6 50. Kg5 Kd6 51. Kf6 Kc6 52. Ke6 Kb5 53. Kxd5 Kb6 54. Kc4 Ka5 55. Kc5 1-0